[Event "Florianopolis op 8th"]
[Site "Florianopolis"]
[Date "2022.01.29"]
[Round "8"]
[White "Teshima, Ricardo Yoshida"]
[Black "Guerrero, Alvaro"]
[Result "1/2-1/2"]
[WhiteElo "1913"]
[BlackElo "2123"]
[PlyCount "96"]
[EventDate "2022.01.24"]
[EventType "swiss"]
[EventRounds "10"]
[EventCountry "BRA"]
[SourceTitle "EXT 2023"]
[Source "ChessBase"]
[SourceDate "2022.10.05"]
[SourceVersion "1"]
[SourceVersionDate "2022.10.05"]
[SourceQuality "1"]

1. e4 c6 2. d4 d5 3. e5 Bf5 4. h4 h5 5. Bd3 Bxd3 6. Qxd3 e6 7. Bg5 Ne7 8. Nd2 Nd7 9. Ngf3 Qc7 10. Bxe7 Bxe7 11. c4 dxc4 12. Nxc4 Nb6 13. 0-0 Nxc4 14. Qxc4 0-0 15. Rac1 Rfd8 16. b4 Qb6 17. b5 Rac8 18. a4 Rd5 19. Rfd1 g6 20. Rd3 Qd8 21. g3 Rd7 22. Qb3 c5 23. Qd1 c4 24. Rdc3 Rdc7 25. Qe2 Qd5 26. Nd2 Qxd4 27. Rxc4 Rxc4 28. Rxc4 Rxc4 29. Nxc4 Qa1+ 30. Kh2 Qxa4 31. Nd6 Bxd6 32. exd6 Qd4 33. Qf3 Qxd6 34. Qxb7 Qb6 35. Qa8+ Kg7 36. Kg2 Qc5 37. Qb8 Kf6 38. Qf4+ Ke7 39. Qb8 Qb6 40. Qe5 Qd6 41. Qe3 Qb6 42. Qe5 f6 43. Qc3 e5 44. Qc4 Kf8 45. Qc8+ Kg7 46. Qd7+ Kg8 47. Qe8+ Kg7 48. Qe7+ Kg8 1/2-1/2

[Event "Florianopolis op 8th"]
[Site "Florianopolis"]
[Date "2022.01.28"]
[Round "7"]
[White "Rosa, Gabriel Redon"]
[Black "Teshima, Ricardo Yoshida"]
[Result "0-1"]
[WhiteElo "1707"]
[BlackElo "1913"]
[PlyCount "126"]
[EventDate "2022.01.24"]
[EventType "swiss"]
[EventRounds "10"]
[EventCountry "BRA"]
[SourceTitle "CBM 206 Extra"]
[Source "ChessBase"]
[SourceDate "2022.03.31"]
[SourceVersion "1"]
[SourceVersionDate "2022.03.31"]
[SourceQuality "1"]

1. e4 e6 2. d3 d5 3. Qe2 Nf6 4. Nf3 c5 5. g3 Nc6 6. Bg2 Be7 7. 0-0 b6 8. e5 Nd7 9. c4 dxc4 10. dxc4 Bb7 11. Rd1 Qc7 12. Bf4 h6 13. h4 g5 14. hxg5 hxg5 15. Nxg5 Nd4 16. Rxd4 cxd4 17. Bxb7 Qxb7 18. Qf3 Qxf3 19. Nxf3 0-0-0 20. Nbd2 Nc5 21. Nb3 Nd3 22. Nbxd4 Nxf4 23. Nc6 Ne2+ 24. Kg2 Rd7 25. Nxe7+ Rxe7 26. Re1 Rc7 27. Rxe2 Rxc4 28. b3 Rc7 29. Re4 Kd7 30. Nd4 a6 31. Nf3 Ke7 32. Rf4 Rc5 33. g4 Rhc8 34. Rd4 Rd8 35. Rf4 Ra5 36. a4 Rc8 37. Rb4 b5 38. g5 Rc7 39. Rf4 bxa4 40. bxa4 Rac5 41. Rf6 Rc4 42. a5 R7c5 43. Rh6 Rxa5 44. Rh8 Ra3 45. Nh2 Re4 46. g6 fxg6 47. Rh7+ Kf8 48. f3 Rxe5 49. Ng4 Rf5 50. Ra7 Rf7 51. Ra8+ Kg7 52. Ne5 Rc7 53. Re8 Kf6 54. Ng4+ Kf7 55. Rh8 Rac3 56. Rh7+ Kf8 57. Rh8+ Kg7 58. Re8 Ra7 59. Rxe6 a5 60. Ne5 a4 61. Rxg6+ Kh7 62. f4 a3 63. f5 Rg7 0-1

[Event "Florianopolis op 5th"]
[Site "Florianopolis"]
[Date "2019.01.24"]
[Round "6"]
[White "Teshima, Ricardo Yoshida"]
[Black "Osipi, Jair"]
[Result "0-1"]
[WhiteElo "1879"]
[BlackElo "2126"]
[PlyCount "168"]
[EventDate "2019.01.21"]
[EventType "swiss"]
[EventRounds "10"]
[EventCountry "BRA"]
[SourceTitle "CBM 188 Extra"]
[Source "ChessBase"]
[SourceDate "2019.02.26"]
[SourceVersion "1"]
[SourceVersionDate "2019.02.26"]
[SourceQuality "1"]

1. e4 c5 2. Nc3 Nc6 3. g3 g6 4. Bg2 Bg7 5. d3 d6 6. Be3 Rb8 7. Qd2 b5 8. Nge2 b4 9. Nd1 h5 10. h3 e5 11. c3 Nge7 12. 0-0 0-0 13. d4 bxc3 14. bxc3 exd4 15. cxd4 Ba6 16. Rc1 Bxe2 17. Qxe2 Nxd4 18. Qd2 Qb6 19. Re1 Qb4 20. Nc3 Qb2 21. Qd3 Nec6 22. Bf4 Be5 23. Nd5 Qxa2 24. Bxe5 Nxe5 25. Qe3 Kg7 26. f4 Rb2 27. Bh1 Re2 28. Qc3 Rxe1+ 29. Rxe1 Ne2+ 30. Rxe2 Qxe2 31. fxe5 dxe5 32. Qxe5+ f6 33. Qe7+ Rf7 34. Qxc5 Rb7 35. Bg2 h4 36. gxh4 Qe1+ 37. Kh2 Qxh4 38. Qd6 Qg5 39. Nf4 Qe5 40. Qxe5 fxe5 41. Nd3 Kf6 42. Kg1 a5 43. Bf1 a4 44. Nc1 Rb1 45. Na2 a3 46. Nc3 Rc1 47. Na2 Rc2 48. Nb4 a2 49. Nxa2 Rxa2 50. h4 Kg7 51. Bg2 Kh6 52. Bf3 Rb2 53. Bg4 Kg7 54. Bf3 Kf6 55. Bg4 Ke7 56. Bf3 Kd6 57. h5 g5 58. Bg4 Ke7 59. Kf1 Kf6 60. Kg1 Kg7 61. Kf1 Rb4 62. Bf3 Rb2 63. Bg4 Kh6 64. Kg1 Rb4 65. Bf3 g4 66. Bxg4 Rxe4 67. Bf3 Rf4 68. Bd1 Rd4 69. Be2 Rf4 70. Kg2 Kg5 71. Kg3 e4 72. Kg2 e3 73. Bf3 Rf6 74. Kg3 Rf8 75. Kg2 Kh4 76. h6 Rg8+ 77. Kf1 Kg3 78. Ke2 Kf4 79. h7 Rh8 80. Bc6 Rxh7 81. Bb5 Rb7 82. Ba6 Rb2+ 83. Kf1 Kf3 84. Bd3 Rd2 0-1

[Event "Florianopolis op 5th"]
[Site "Florianopolis"]
[Date "2019.01.22"]
[Round "3"]
[White "Madeira, Wagner Martins"]
[Black "Teshima, Ricardo Yoshida"]
[Result "0-1"]
[WhiteElo "2170"]
[BlackElo "1879"]
[PlyCount "37"]
[EventDate "2019.01.21"]
[EventType "swiss"]
[EventRounds "10"]
[EventCountry "BRA"]
[SourceTitle "CBM 188 Extra"]
[Source "ChessBase"]
[SourceDate "2019.02.26"]
[SourceVersion "1"]
[SourceVersionDate "2019.02.26"]
[SourceQuality "1"]

1. e4 e6 2. d4 d5 3. Nc3 Nf6 4. Bg5 dxe4 5. Nxe4 Be7 6. Bxf6 gxf6 7. Nf3 f5 8. Ng3 c5 9. dxc5 Bxc5 10. Qxd8+ Kxd8 11. Be2 Ke7 12. 0-0 Nc6 13. c3 a5 14. Rfe1 Rd8 15. Bb5 Kf8 16. Rad1 Bd7 17. Rd2 Bc8 18. Red1 Rxd2 19. Rxd2 0-1

[Event "Florianopolis op 5th"]
[Site "Florianopolis"]
[Date "2019.01.22"]
[Round "2"]
[White "Teshima, Ricardo Yoshida"]
[Black "Calcado, Acyr Rogerio"]
[Result "1-0"]
[WhiteElo "1879"]
[BlackElo "2141"]
[PlyCount "71"]
[EventDate "2019.01.21"]
[EventType "swiss"]
[EventRounds "10"]
[EventCountry "BRA"]
[SourceTitle "CBM 188 Extra"]
[Source "ChessBase"]
[SourceDate "2019.02.26"]
[SourceVersion "1"]
[SourceVersionDate "2019.02.26"]
[SourceQuality "1"]

1. e4 e5 2. Nf3 Nc6 3. Bc4 Nf6 4. d3 Be7 5. 0-0 0-0 6. Re1 d6 7. a4 Na5 8. Ba2 c5 9. Na3 Nc6 10. Nc4 h6 11. Ne3 Be6 12. c3 Re8 13. Bd5 Bf8 14. h3 Bxd5 15. exd5 Ne7 16. c4 Qd7 17. Nd2 Ng6 18. Ne4 Nh7 19. Qg4 Qxg4 20. hxg4 Nf4 21. Ra3 Ng5 22. Kf1 Nxd3 23. Nxg5 Nxe1 24. Ne4 Nxg2 25. Kxg2 Rad8 26. Nf5 Be7 27. Rg3 f6 28. Rb3 Rd7 29. Bd2 Kf7 30. a5 Rh8 31. Rxb7 Rxb7 32. Nfxd6+ Kg6 33. Nxb7 Rb8 34. a6 f5 35. gxf5+ Kxf5 36. d6 1-0

[Event "BRA-ch U20"]
[Site "Sao Paulo"]
[Date "2018.06.30"]
[Round "4"]
[White "Silva, Kaua Marques"]
[Black "Teshima, Ricardo Yoshida"]
[Result "1-0"]
[WhiteElo "1884"]
[BlackElo "1970"]
[PlyCount "89"]
[EventDate "2018.06.28"]
[EventType "swiss"]
[EventRounds "6"]
[EventCountry "BRA"]
[SourceTitle "EXT 2019"]
[Source "ChessBase"]
[SourceDate "2018.10.10"]
[SourceVersion "1"]
[SourceVersionDate "2018.10.10"]
[SourceQuality "1"]

1. e4 c6 2. d4 d5 3. Nd2 dxe4 4. Nxe4 Nf6 5. Ng3 h5 6. h4 Bg4 7. Qd3 Qc7 8. Be2 e6 9. Nf3 Nbd7 10. Bd2 Bd6 11. Ng5 Bxe2 12. Nxe2 c5 13. g3 c4 14. Qf3 Nb6 15. Bf4 Nbd5 16. Bxd6 Qxd6 17. c3 0-0 18. 0-0 b5 19. b3 Rfc8 20. Rfc1 a5 21. Rab1 Rab8 22. Rb2 b4 23. bxc4 Rxc4 24. Rcb1 Rbc8 25. cxb4 Rxb4 26. Rxb4 axb4 27. Qd3 g6 28. Nf3 Ng4 29. Ng5 Nc3 30. Re1 Nxe2+ 31. Qxe2 Qxd4 32. Nxe6 fxe6 33. Qxe6+ Kh7 34. Qe7+ Kh8 35. Qf7 Qf6 36. Qxf6+ Nxf6 37. Re6 Kg7 38. Re7+ Kf8 39. Rb7 Rc4 40. Kf1 Ne4 41. Ke2 Nd6 42. Rb6 Ke7 43. Kd3 Ke6 44. Rxd6+ Kxd6 45. Kxc4 1-0

[Event "BRA-ch U20"]
[Site "Sao Paulo"]
[Date "2018.06.29"]
[Round "3"]
[White "Teshima, Ricardo Yoshida"]
[Black "Takano, Nicholas Ryo"]
[Result "1/2-1/2"]
[WhiteElo "1970"]
[BlackElo "1976"]
[PlyCount "29"]
[EventDate "2018.06.28"]
[EventType "swiss"]
[EventRounds "6"]
[EventCountry "BRA"]
[SourceTitle "EXT 2019"]
[Source "ChessBase"]
[SourceDate "2018.10.10"]
[SourceVersion "1"]
[SourceVersionDate "2018.10.10"]
[SourceQuality "1"]

1. e4 c5 2. Nf3 g6 3. c3 Nf6 4. Bd3 d6 5. h3 Bg7 6. Bc2 Nc6 7. 0-0 0-0 8. d4 cxd4 9. cxd4 b6 10. Nc3 Ba6 11. Re1 Nd7 12. Bg5 h6 13. Bh4 Rc8 14. Bd3 Bxd3 15. Qxd3 1/2-1/2

[Event "BRA-ch U16"]
[Site "Sao Paulo"]
[Date "2018.04.01"]
[Round "6"]
[White "Teshima, Ricardo Yoshida"]
[Black "Hopka, Matheus Marchesi"]
[Result "1-0"]
[WhiteElo "1976"]
[BlackElo "1739"]
[PlyCount "99"]
[EventDate "2018.03.29"]
[EventType "swiss"]
[EventRounds "6"]
[EventCountry "BRA"]
[SourceTitle "EXT 2019"]
[Source "ChessBase"]
[SourceDate "2018.10.10"]
[SourceVersion "1"]
[SourceVersionDate "2018.10.10"]
[SourceQuality "1"]

1. e4 c5 2. Nc3 d6 3. g3 g6 4. Bg2 Bg7 5. d3 Nc6 6. Be3 e6 7. Qd2 Nge7 8. Bh6 Bxh6 9. Qxh6 Qa5 10. Qg7 Rg8 11. Qxh7 Nd4 12. 0-0-0 Bd7 13. Kb1 0-0-0 14. Qxf7 Nec6 15. Qf4 Rdf8 16. Qe3 Nb4 17. Rd2 Ba4 18. b3 Bd7 19. Nge2 e5 20. Kb2 Bg4 21. a3 Nbc6 22. f4 Nxe2 23. Nxe2 Bxe2 24. Rxe2 Nd4 25. Bh3+ Kc7 26. Qd2 Qxd2 27. Rxd2 exf4 28. gxf4 Rxf4 29. Rg1 Nf3 30. Rf1 Rgf8 31. Rdf2 g5 32. Bf5 Nh4 33. Rxf4 gxf4 34. Rxf4 Nxf5 35. exf5 Rf6 36. Kc3 Kc6 37. h4 a6 38. h5 Kd5 39. Kd2 Ke5 40. Ke3 d5 41. Kf3 Kd6 42. Kg4 Ke7 43. Kg5 Rf7 44. h6 Kf8 45. Kg6 Kg8 46. f6 Rc7 47. f7+ Kf8 48. h7 Rc6+ 49. Rf6 Ke7 50. f8Q+ 1-0

[Event "BRA-ch Amateur U2000"]
[Site "Sao Paulo"]
[Date "2017.10.14"]
[Round "5"]
[White "Da Silva, Emerson Soares"]
[Black "Teshima, Ricardo Yoshida"]
[Result "0-1"]
[WhiteElo "1854"]
[BlackElo "1925"]
[PlyCount "42"]
[EventDate "2017.10.12"]
[EventType "swiss"]
[EventRounds "7"]
[EventCountry "BRA"]
[SourceTitle "EXT 2022"]
[Source "ChessBase"]
[SourceDate "2021.10.06"]
[SourceVersion "1"]
[SourceVersionDate "2021.10.06"]
[SourceQuality "1"]

1. d4 d5 2. Nf3 Nf6 3. g3 Bf5 4. Bg2 h6 5. 0-0 e6 6. c4 c6 7. Nc3 Nbd7 8. cxd5 exd5 9. Nh4 Bh7 10. Qb3 Qb6 11. Qd1 Be7 12. Re1 0-0 13. Bh3 Rfe8 14. Nf5 Nf8 15. e4 dxe4 16. Nxe4 Nxe4 17. Rxe4 Bf6 18. Rf4 Bg5 19. Nd6 Red8 20. Nxf7 Bxf4 21. Nxd8 Bxc1 0-1

[Event "BRA-ch U16"]
[Site "Itajai"]
[Date "2017.06.04"]
[Round "6"]
[White "Teshima, Ricardo Yoshida"]
[Black "Federzoni, Enzo"]
[Result "0-1"]
[WhiteElo "1878"]
[BlackElo "1892"]
[PlyCount "148"]
[EventDate "2017.06.01"]
[EventType "swiss"]
[EventRounds "6"]
[EventCountry "BRA"]
[SourceTitle "CBM 179 Extra"]
[Source "ChessBase"]
[SourceDate "2017.08.23"]
[SourceVersion "1"]
[SourceVersionDate "2017.08.23"]
[SourceQuality "1"]

1. e4 c5 2. c3 Nf6 3. e5 Nd5 4. d4 cxd4 5. Nf3 e6 6. cxd4 d6 7. Bc4 Be7 8. 0-0 0-0 9. Nc3 Nxc3 10. bxc3 dxe5 11. Nxe5 Nd7 12. Bf4 Nxe5 13. Bxe5 Bf6 14. Re1 Bd7 15. Bd3 Bxe5 16. Rxe5 Bc6 17. Re3 h6 18. Bc2 g6 19. Qd3 Qf6 20. Rae1 Rad8 21. Re5 Rd6 22. Qe3 Kg7 23. Qg3 Rfd8 24. f4 Rd5 25. h4 h5 26. Rf1 Rh8 27. f5 exf5 28. Rxd5 Bxd5 29. Rxf5 Qe6 30. Re5 Qd6 31. Bb3 Bxb3 32. axb3 b5 33. Qd3 a6 34. Re2 Rd8 35. Rd2 Qe6 36. d5 Qe1+ 37. Kh2 Qxh4+ 38. Kg1 Qe1+ 39. Kh2 Re8 40. Qd4+ Kg8 41. Qf2 Qe5+ 42. Kg1 Qxc3 43. d6 Qa1+ 44. Kh2 Qe5+ 45. Kg1 Qe1+ 46. Qxe1 Rxe1+ 47. Kf2 Re8 48. d7 Rd8 49. b4 Kf8 50. Rd6 Ke7 51. Rxa6 Rxd7 52. Rb6 Rd5 53. Ke3 Kf8 54. Ke4 Rf5 55. Kd4 h4 56. Ke4 Kg7 57. Ke3 Kh6 58. Ke2 Kg5 59. Ke3 Kg4 60. Rd6 Kg3 61. Rd2 Re5+ 62. Kd4 f6 63. Rb2 g5 64. Kd3 g4 65. Kd4 h3 66. gxh3 gxh3 67. Rb3+ Kg2 68. Rb2+ Kf1 69. Kd3 Rh5 70. Rb1+ Kf2 71. Rb2+ Kf3 72. Rb3 h2 73. Kd4+ Kf4 74. Re3 Rd5+ 0-1

[Event "Sao Paulo op-B U2050 6th"]
[Site "Sao Paulo"]
[Date "2017.04.16"]
[Round "5"]
[White "De Souza, Leonardo F Pereira"]
[Black "Teshima, Ricardo Yoshida"]
[Result "1-0"]
[WhiteElo "1800"]
[BlackElo "1793"]
[PlyCount "123"]
[EventDate "2017.04.14"]
[EventType "swiss"]
[EventRounds "6"]
[EventCountry "BRA"]
[SourceTitle "EXT 2019"]
[Source "ChessBase"]
[SourceDate "2018.10.10"]
[SourceVersion "1"]
[SourceVersionDate "2018.10.10"]
[SourceQuality "1"]

1. e4 c5 2. Nf3 Nc6 3. d4 cxd4 4. Nxd4 e5 5. Nb5 a6 6. Nd6+ Bxd6 7. Qxd6 Qe7 8. Qd1 Nf6 9. Nc3 h6 10. Nd5 Nxd5 11. exd5 Qb4+ 12. c3 Qe4+ 13. Be3 Ne7 14. c4 d6 15. Qd3 Qxd3 16. Bxd3 Bd7 17. a4 a5 18. Kd2 f5 19. f3 Kf7 20. Rhb1 Rhb8 21. Bb6 Ra6 22. c5 Nxd5 23. Bxa6 Nxb6 24. cxb6 bxa6 25. b4 Rxb6 26. bxa5 Rxb1 27. Rxb1 Ke6 28. Rb6 Bc8 29. Kd3 Kd5 30. Rb8 Bd7 31. Rg8 g5 32. Rh8 Bxa4 33. Rxh6 Bb5+ 34. Ke3 g4 35. h4 gxh3 36. gxh3 Kc4 37. Rxd6 Kb4 38. h4 Kxa5 39. h5 Bc4 40. Rf6 Kb4 41. h6 Bg8 42. Rxa6 e4 43. fxe4 fxe4 44. Kxe4 Bh7+ 45. Ke5 Kc5 46. Ra7 Bg6 47. h7 Bxh7 48. Rxh7 Kc6 49. Rh6+ Kc5 50. Rd6 Kc4 51. Rd5 Kc3 52. Rd4 Kc2 53. Ke4 Kc3 54. Ke3 Kb3 55. Kd3 Kb2 56. Rc4 Kb3 57. Rd4 Kb2 58. Rb4+ Ka3 59. Kc3 Ka2 60. Rb8 Ka1 61. Kc2 Ka2 62. Ra8# 1-0

[Event "Sao Paulo op-B U2050 6th"]
[Site "Sao Paulo"]
[Date "2017.04.15"]
[Round "4"]
[White "Teshima, Ricardo Yoshida"]
[Black "Nicolini, Paulo Giovanni De A"]
[Result "0-1"]
[WhiteElo "1793"]
[BlackElo "1957"]
[PlyCount "90"]
[EventDate "2017.04.14"]
[EventType "swiss"]
[EventRounds "6"]
[EventCountry "BRA"]
[SourceTitle "EXT 2019"]
[Source "ChessBase"]
[SourceDate "2018.10.10"]
[SourceVersion "1"]
[SourceVersionDate "2018.10.10"]
[SourceQuality "1"]

1. e4 e6 2. d4 d5 3. Nd2 Nf6 4. e5 Nfd7 5. c3 c5 6. Bd3 Nc6 7. Ne2 cxd4 8. cxd4 f6 9. Nf4 Nxd4 10. Qh5+ Ke7 11. exf6+ Nxf6 12. Ng6+ hxg6 13. Qxh8 Kf7 14. Qh4 e5 15. Nf3 Nxf3+ 16. gxf3 Bf5 17. Bxf5 gxf5 18. Bg5 Qa5+ 19. Kf1 Be7 20. Kg2 Rd8 21. b4 Qa3 22. Rac1 e4 23. fxe4 fxe4 24. Rc7 Qf3+ 25. Kg1 Rd6 26. Bxf6 Rxf6 27. Qg3 Qh5 28. Kf1 d4 29. Rg1 g6 30. Qb3+ Ke8 31. Rg3 d3 32. Qg8+ Bf8 33. Rc8+ Ke7 34. Re3 Qd1+ 35. Re1 Qf3 36. Qh7+ Rf7 37. Qh4+ Kd7 38. Qd8+ Ke6 39. Qe8+ Be7 40. Rc6+ bxc6 41. Qxc6+ Kf5 42. Qd7+ Kg5 43. Qd5+ Rf5 44. h4+ Kh6 45. Qxe4 Qxf2# 0-1

[Event "Florianopolis op 3rd"]
[Site "Florianopolis"]
[Date "2017.01.21"]
[Round "2"]
[White "Teshima, Ricardo Yoshida"]
[Black "Felix, Raimundo Nascimento"]
[Result "0-1"]
[WhiteElo "1776"]
[BlackElo "1884"]
[PlyCount "60"]
[EventDate "2017.01.20"]
[EventType "swiss"]
[EventRounds "10"]
[EventCountry "BRA"]
[SourceTitle "CBM 176 Extra"]
[Source "ChessBase"]
[SourceDate "2017.03.02"]
[SourceVersion "1"]
[SourceVersionDate "2017.03.02"]
[SourceQuality "1"]

1. Nf3 Nf6 2. d4 b6 3. Bf4 Bb7 4. e3 e6 5. Bd3 Be7 6. Nbd2 d6 7. Qe2 Nbd7 8. h3 0-0 9. 0-0-0 Re8 10. e4 e5 11. Bh2 exd4 12. Nxd4 Bf8 13. N2b3 Nxe4 14. Bxe4 Nf6 15. Bxh7+ Nxh7 16. Qd3 Qg5+ 17. Nd2 Qf6 18. Nc4 Ng5 19. Nd2 Ne6 20. c3 Nc5 21. Qc2 g6 22. Rde1 Bh6 23. b4 Ne6 24. N4b3 a6 25. a4 Qg5 26. Bg3 Nf4 27. h4 Qg4 28. Rxe8+ Rxe8 29. Qd1 Qxd1+ 30. Rxd1 Nxg2 0-1

[Event "Brasilia Terraviva op"]
[Site "Brasilia"]
[Date "2017.01.07"]
[Round "3"]
[White "Gisclan, Heverton"]
[Black "Teshima, Ricardo Yoshida"]
[Result "1/2-1/2"]
[WhiteElo "2192"]
[BlackElo "1776"]
[PlyCount "33"]
[EventDate "2017.01.06"]
[EventType "swiss"]
[EventRounds "6"]
[EventCountry "BRA"]
[SourceTitle "CBM 176 Extra"]
[Source "ChessBase"]
[SourceDate "2017.03.02"]
[SourceVersion "1"]
[SourceVersionDate "2017.03.02"]
[SourceQuality "1"]

1. e4 e6 2. d4 d5 3. Nc3 Nf6 4. e5 Nfd7 5. f4 c5 6. Nf3 Nc6 7. Be3 cxd4 8. Nxd4 Bc5 9. Qd2 0-0 10. 0-0-0 a6 11. Qf2 Bxd4 12. Bxd4 b5 13. Bd3 b4 14. Ne2 a5 15. Bb5 Nxd4 16. Qxd4 Ba6 17. Bxd7 1/2-1/2

[Event "South America-ch U14 13th"]
[Site "Santiago de Chile"]
[Date "2016.12.04"]
[Round "5"]
[White "Vera Sanchez, Pavel Genaro"]
[Black "Teshima, Ricardo Yoshida"]
[Result "1-0"]
[WhiteElo "1915"]
[BlackElo "1794"]
[PlyCount "54"]
[EventDate "2016.12.01"]
[EventType "swiss"]
[EventRounds "9"]
[EventCountry "CHI"]
[SourceTitle "EXT 2018"]
[Source "ChessBase"]
[SourceDate "2017.10.13"]
[SourceVersion "1"]
[SourceVersionDate "2017.10.13"]
[SourceQuality "1"]

1. e4 e6 2. d3 d5 3. Nd2 Nf6 4. g3 c5 5. Bg2 Nc6 6. Ngf3 d4 7. 0-0 e5 8. h3 g6 9. Nc4 Qc7 10. a4 Be6 11. Qe2 Nd7 12. b3 f6 13. Ne1 g5 14. f4 gxf4 15. gxf4 0-0-0 16. f5 Bxc4 17. dxc4 h5 18. Bf3 Bh6 19. Bxh5 Bxc1 20. Rxc1 Nf8 21. Nd3 Qe7 22. Bg4 Nh7 23. Kf2 Ng5 24. Rh1 Rh4 25. Rcg1 Rdh8 26. Rg3 Nb4 27. Nb2 Na2 1-0